Lover's knot / (Запис № 521022)
[ простий вигляд ]
| 000 -LEADER | |
|---|---|
| fixed length control field | 01288nam a2200301 a 4500 |
| 001 - CONTROL NUMBER | |
| control field | loversknot00burn |
| 003 - CONTROL NUMBER IDENTIFIER | |
| control field | CaSfIA |
| 005 - DATE AND TIME OF LATEST TRANSACTION | |
| control field | 20210118165638.0 |
| 007 - PHYSICAL DESCRIPTION FIXED FIELD--GENERAL INFORMATION | |
| fixed length control field | cr|||| |
| 008 - FIXED-LENGTH DATA ELEMENTS--GENERAL INFORMATION | |
| fixed length control field | 891109s1985 caua 00110 eng |
| 010 ## - LIBRARY OF CONGRESS CONTROL NUMBER | |
| LC control number | 89125849 |
| 035 ## - SYSTEM CONTROL NUMBER | |
| System control number | (DLC) 89125849 |
| 040 ## - CATALOGING SOURCE | |
| Original cataloging agency | BIBLIOS |
| Modifying agency | CaSfIA |
| 050 0# - LIBRARY OF CONGRESS CALL NUMBER | |
| Classification number | TT835 |
| Item number | .B8595 1985 |
| 082 0# - DEWEY DECIMAL CLASSIFICATION NUMBER | |
| Classification number | 746.9/7 |
| Edition number | 20 |
| 100 10 - MAIN ENTRY--PERSONAL NAME | |
| Personal name | Burns, Eleanor. |
| 245 10 - TITLE STATEMENT | |
| Title | Lover's knot / |
| Medium | [electronic resource] |
| Statement of responsibility, etc | Eleanor Burns. |
| 250 ## - EDITION STATEMENT | |
| Edition statement | 3rd ed. |
| 260 0# - PUBLICATION, DISTRIBUTION, ETC. (IMPRINT) | |
| Place of publication, distribution, etc | San Marcos, CA (1955 Diamond St., Unit A, San Marcos 92069) : |
| Name of publisher, distributor, etc | Quilt in a Day, |
| Date of publication, distribution, etc | c1985. |
| 300 ## - PHYSICAL DESCRIPTION | |
| Extent | 59 p. : |
| Other physical details | ill. (some col.) ; |
| Dimensions | 28 cm. |
| 506 ## - RESTRICTIONS ON ACCESS NOTE | |
| Standardized terminology for access restriction | Необхідна авторизація на https://archive.org/ (створення облікового запису безкоштовно) |
| 506 ## - RESTRICTIONS ON ACCESS NOTE | |
| Standardized terminology for access restriction | Необхідна авторизація на https://openlibrary.org/ (створення облікового запису безкоштовно) |
| 650 #0 - SUBJECT ADDED ENTRY--TOPICAL TERM | |
| Topical term or geographic name as entry element | Machine quilting |
| General subdivision | Patterns. |
| 650 #0 - SUBJECT ADDED ENTRY--TOPICAL TERM | |
| Topical term or geographic name as entry element | Patchwork |
| General subdivision | Patterns. |
| 856 41 - ELECTRONIC LOCATION AND ACCESS | |
| Uniform Resource Identifier | <a href="http://www.archive.org/details/loversknot00burn">http://www.archive.org/details/loversknot00burn</a> |
| Public note | Free eBook from the Internet Archive |
| 856 42 - ELECTRONIC LOCATION AND ACCESS | |
| Uniform Resource Identifier | <a href="http://www.openlibrary.org/books/OL2249771M">http://www.openlibrary.org/books/OL2249771M</a> |
| Public note | Additional information and access via Open Library |
| 942 ## - ADDED ENTRY ELEMENTS (KOHA) | |
| Koha item type | ЕКнига |
Немає доступних примірників.